00691nam a2200241 a 4500001001300000003000900013005001700022008004100039020001000080082001300090100001800103245003600121260004200157300000900199500003500208505001000243650003500253700001800288902000800306942000700314952011300321999001500434nice12345678IN_TiNIC20260116011852.0050524s1958 phia grp 000 0 eng  ac18000a268bCUL aCully, Iris V aDynamics of Christian Education aPhiladelphiabWestminster Pressc1958 a205p aincludes index and biblioraphy2 aIndex aChristian Education & Training1 aCully, Iris V bSRS cBK 001040708StackRoom-aHMIbHMId2007-07-13g180.00l0o268 CULp05757r2007-07-13v180.00w2005-05-24yBK c4584d4584